000 00603nam a2200241Ia 4500
008 140626s9999 xx 000 0 und d
100 _aChan, Melanie.
245 _aAmazing Anilao :
_b the diving Mecca of Batangas /
_cMelanie Chan.
260 _cc2011.
300 _a13 : 7, page 34
440 _aCruising
521 _aTOU
650 _aAdventure tourism.
650 _aAnilao.
650 _aBatangas.
650 _aBlue sea.
650 _aDiving site.
650 _aMarine life.
650 _aTop resorts
650 _aWater activities.
650 _aWhite beaches.
942 _cSE
999 _c121170
_d121170